| 000 | 06758nam a22006017a 4500 | ||
|---|---|---|---|
| 005 | 20090529150230.0 | ||
| 008 | 090529t xxu||||| |||| 00| 0 hin d | ||
| 010 | _aHIN-86687 | ||
| 020 |
_a9788190489225 _c350.00 |
||
| 035 | _aHN-59033 | ||
| 035 | _aB-351423 | ||
| 037 | _bDBAD / PUB | ||
| 037 | _bविज्ञान पुस्तक संसार | ||
| 040 |
_adpl _bHN |
||
| 082 | _a509 | ||
| 100 | _aराय, एम. एन. | ||
| 245 |
_aसर डब्ल्यू. सी. डैम्पियर कृत विज्ञान का संक्षिप्त इतिहास / _cएम. एन. राय द्वारा पुनर्लेखित एवं संपादित |
||
| 246 |
_aSir W.C. Dempear krita vigyaana kaa snkshipta itihaasa _brewrite and edited by M. N. Rai |
||
| 260 |
_aदिल्ली _bविज्ञान पुस्तक संसार _c2009 |
||
| 270 |
_aसी-76, झिलमिल कॉलोनी, _bदिल्ली _e110095 |
||
| 300 |
_a216पृ. _c23सेमी.(सजिल्द) |
||
| 650 |
_aविज्ञान _xइतिहास |
||
| 650 |
_aScience _xHistory |
||
| 942 |
_2ddc _cHN _mरायएम _h509 |
||
| 999 |
_c26987 _d26987 |
||